| 000 | 00682nam a2200205 u 4500 | ||
|---|---|---|---|
| 005 | 20240207063555.0 | ||
| 008 | 110324s2007 mx r 000 0 spa d | ||
| 020 | _a9685771227 | ||
| 035 | _aUPN01000179859 | ||
| 049 | _aI | ||
| 050 | 4 |
_aGN495.6 _bN3.3 |
|
| 100 | 1 |
_aNavarrete Linares, Federico, _d1964- _931714 |
|
| 245 | 1 | 3 |
_aLa ecología de los pueblos indígenas de América / _cFederico Navarrete Linares. |
| 260 |
_aMéxico : _bPluralia, _cc2007. |
||
| 300 |
_a70 p. : _bil. col. |
||
| 650 | 4 |
_aRELACIONES ETNICAS - _vLITERATURA JUVENIL _919739 |
|
| 650 | 2 |
_aRelaciones intergrupales _915123 |
|
| 650 | 7 |
_aConservación de los recursos naturales _2 _91580 |
|
| 905 | _aInfantil | ||
| 999 |
_c151962 _d151962 |
||